[Event "St Chely d'Aubrac op 10th"]
[Site "St Chely d'Aubrac"]
[Date "2010.07.13"]
[Round "5"]
[White "Van Hoolandt, Patrick"]
[Black "Balducchi, Francois"]
[Result "1-0"]
[WhiteElo "2171"]
[BlackElo "1721"]
[PlyCount "55"]
[EventDate "2010.07.10"]
[EventType "swiss"]
[EventRounds "9"]
[EventCountry "FRA"]
[SourceTitle "CBM 137 Extra"]
[Source "ChessBase"]
[SourceDate "2010.09.01"]
[SourceVersion "1"]
[SourceVersionDate "2010.09.01"]
[SourceQuality "1"]

1. d4 d5 2. c4 e5 3. dxe5 d4 4. a3 Nc6 5. Nf3 Bg4 6. Nbd2 Qd7 7. b4 0-0-0 8. b5 Nce7 9. Bb2 Bxf3 10. Nxf3 c5 11. g3 f6 12. Qd3 Ng6 13. h4 Kb8 14. exf6 Nxf6 15. h5 Ne7 16. Ne5 Qe6 17. f4 Re8 18. Bg2 Nf5 19. Bh3 g6 20. 0-0-0 Nxh5 21. Bxf5 Nxf4 22. Bxe6 Nxd3+ 23. exd3 Rxe6 24. Rde1 Kc7 25. Nf7 Rxe1+ 26. Rxe1 Rg8 27. Kd1 Rg7 28. Ng5 1-0

[Event "St Chely d'Aubrac op 10th"]
[Site "St Chely d'Aubrac"]
[Date "2010.07.12"]
[Round "4"]
[White "Moulie, Patrick"]
[Black "Balducchi, Francois"]
[Result "0-1"]
[WhiteElo "1639"]
[BlackElo "1721"]
[PlyCount "100"]
[EventDate "2010.07.10"]
[EventType "swiss"]
[EventRounds "9"]
[EventCountry "FRA"]
[SourceTitle "CBM 137 Extra"]
[Source "ChessBase"]
[SourceDate "2010.09.01"]
[SourceVersion "1"]
[SourceVersionDate "2010.09.01"]
[SourceQuality "1"]

1. e4 d5 2. exd5 Qxd5 3. c4 Qa5 4. Nc3 Nf6 5. Nf3 Bf5 6. d4 c6 7. Be2 e6 8. 0-0 Bd6 9. c5 Be7 10. a3 Nbd7 11. Bf4 0-0 12. b4 Qd8 13. Bd3 Bxd3 14. Qxd3 Re8 15. Rfe1 Nh5 16. Be3 Bf8 17. Rad1 b6 18. Ng5 Nhf6 19. h3 a5 20. Nce4 axb4 21. axb4 h6 22. Nxf6+ Nxf6 23. Ne4 Nd5 24. Bd2 Qc7 25. g3 Ra4 26. cxb6 Qxb6 27. Nc5 Bxc5 28. bxc5 Qb2 29. Be3 Nxe3 30. Rxe3 Ra2 31. Rf3 Rea8 32. Qe4 R8a6 33. Re1 Qb7 34. h4 R6a4 35. Rf4 Rd2 36. Qe3 Raa2 37. Rf1 Re2 38. Qf3 Qd7 39. Re4 Red2 40. Rd1 Rxf2 41. Qd3 Qd5 42. g4 f5 43. gxf5 exf5 44. Re8+ Kf7 45. Qh3 Qg2+ 46. Qxg2 Rxg2+ 47. Kf1 Kxe8 48. d5 Raf2+ 49. Ke1 Rg1+ 50. Kxf2 Rxd1 0-1

[Event "Calvi Balagne op 06th"]
[Site "Calvi"]
[Date "2009.04.28"]
[Round "1"]
[White "Terrieux, Kevin"]
[Black "Balducchi, Francois"]
[Result "1-0"]
[WhiteElo "2449"]
[BlackElo "1737"]
[PlyCount "42"]
[EventDate "2009.04.28"]
[EventType "swiss"]
[EventRounds "9"]
[EventCountry "FRA"]
[SourceTitle "CBM 130 Extra"]
[Source "ChessBase"]
[SourceDate "2009.07.02"]
[SourceVersion "2"]
[SourceVersionDate "2009.07.15"]
[SourceQuality "1"]

1. d4 d5 2. c4 c6 3. cxd5 cxd5 4. Nf3 Nf6 5. Nc3 Bf5 6. Bf4 Nbd7 7. e3 e6 8. Be2 Bb4 9. 0-0 0-0 10. Rc1 Rc8 11. a3 Bxc3 12. bxc3 Ne4 13. c4 Nb6 14. c5 Nd7 15. Nd2 e5 16. Nxe4 dxe4 17. Bg3 exd4 18. Qxd4 Qa5 19. Bd6 Rfd8 20. Rfd1 Nxc5 21. Rxc5 Rxc5 1-0

[Event "Bastia July op"]
[Site "Bastia"]
[Date "2008.07.23"]
[Round "1"]
[White "Balducchi, Francois"]
[Black "Humeau, Cyril"]
[Result "0-1"]
[WhiteElo "1630"]
[BlackElo "2170"]
[PlyCount "24"]
[EventDate "2008.07.23"]
[EventType "swiss"]
[EventRounds "7"]
[EventCountry "FRA"]
[SourceTitle "EXT 2010"]
[Source "ChessBase"]
[SourceDate "2010.11.25"]
[SourceVersion "1"]
[SourceVersionDate "2010.11.25"]
[SourceQuality "1"]

1. d4 Nf6 2. c4 g6 3. Nf3 Bg7 4. g3 d6 5. Bg2 0-0 6. 0-0 Na6 7. Qb3 c6 8. Nc3 d5 9. a3 dxc4 10. Qxc4 Qb6 11. e4 Be6 12. Qa4 Bb3 0-1